|
|
|
|
| LEADER |
00000nas a2200000 i 4500 |
| 001 |
ssj0000563061 |
| 003 |
WaSeSS |
| 005 |
20200512172242.0 |
| 006 |
m d |
| 007 |
cr n |
| 008 |
760415d19462018au bx pss 0 b0ger |
| 010 |
|
|
|a 2015204082
|
| 022 |
|
|
|a 2307-2970
|l 0029-9316
|y 0029-9316
|
| 035 |
|
|
|a (WaSeSS)ssj0000563061
|
| 040 |
|
|
|a LGG
|b eng
|e pn
|c LGG
|d OCLCQ
|d OCLCF
|d OCL
|d OCLCO
|d DLC
|d COO
|d DLC
|d WaSeSS
|
| 042 |
|
|
|a pcc
|
| 043 |
|
|
|a e-au---
|
| 050 |
0 |
0 |
|a ML5
|
| 050 |
1 |
4 |
|a ML5
|b .O1983
|
| 082 |
|
4 |
|a 780/.9436
|
| 210 |
0 |
|
|a Österr. Musikz.
|b (Online)
|
| 222 |
|
0 |
|a Österreichische Musikzeitschrift
|b (Online)
|
| 245 |
0 |
0 |
|a Österreichische Musikzeitschrift
|h [electronic resource].
|
| 246 |
1 |
|
|a Österreichische Musik Zeitschrift
|
| 246 |
1 |
|
|a ÖMZ
|
| 260 |
|
|
|a Wien :
|b Böhlau Verlag
|
| 310 |
|
|
|a 6 issues a year,
|b 2011-<2014>
|
| 321 |
|
|
|a Monthly,
|b 1946-2010
|
| 362 |
1 |
|
|a Print began with 1. Jahrgang, Heft 1 (Jänner 1946).
|
| 362 |
1 |
|
|a Ceased with 73. Jahrg., Heft 1 in 2018.
|z Cf. Email from Harrassowitz, dated 23 Mar. 2018
|
| 500 |
|
|
|a Founding editor: P. Lafite.
|
| 500 |
|
|
|a Print version published: Wien : H. Bauer-Verlag, <1979->
|
| 506 |
|
|
|a License restrictions may limit access.
|
| 515 |
|
|
|a Some issues combined.
|
| 538 |
|
|
|a Mode of access: World Wide Web.
|
| 550 |
|
|
|a Issued by: Europäische Musikforschungsvereinigung Wien, <2011->
|
| 555 |
|
|
|a Jahrgang 1-25 (1946-1970), 1 volume ; Jahrgang 26-54 (1971-1999), 1 volume (called "Band 2"); Review index (1971-1999), 1 volume (called "Band 3").
|
| 588 |
|
|
|a Description based on: 1. Jahrgang, Heft 1 (Jänner 1946); title from PDF caption (De Gruyter Online, viewed June 10, 2015).
|
| 588 |
|
|
|a Latest issue consulted: Jg. 69, Heft 5 (2014) (De Gruyter Online, viewed June 10, 2015).
|
| 650 |
|
0 |
|a Music
|v Periodicals.
|
| 650 |
|
0 |
|a Music
|z Austria
|v Periodicals.
|
| 650 |
|
7 |
|a Music
|2 fast
|0 (OCoLC)fst01030269
|
| 651 |
|
7 |
|a Austria.
|2 fast
|0 (OCoLC)fst01204901
|
| 655 |
|
0 |
|a Electronic journals.
|
| 710 |
2 |
|
|a Europäische Musikforschungsvereinigung Wien.
|
| 850 |
|
|
|a DLC
|
| 856 |
4 |
0 |
|z Full text available from Research Library: 01/01/2011 to 11/30/2014
|u https://search.proquest.com/publication/2038882
|